Role of common man in urban planning: The case of old Delhi (Record no. 92344)

000 -LEADER
fixed length control field 01119pab a2200193 454500
008 - FIXED-LENGTH DATA ELEMENTS--GENERAL INFORMATION
fixed length control field 180718b2011 xxu||||| |||| 00| 0 eng d
100 ## - MAIN ENTRY--PERSONAL NAME
Personal name Barik, R.K.
245 ## - TITLE STATEMENT
Title Role of common man in urban planning: The case of old Delhi
260 ## - PUBLICATION, DISTRIBUTION, ETC.
Date of publication, distribution, etc. 2011
300 ## - PHYSICAL DESCRIPTION
Extent p.116-151.
362 ## - DATES OF PUBLICATION AND/OR SEQUENTIAL DESIGNATION
Dates of publication and/or sequential designation Jan-Mar
520 ## - SUMMARY, ETC.
Summary, etc. By the end of the 20th Century, urbanisation process has reached warning signs due to uncontrolled and unplanned urban expansion. As a result, urban planning has emerged as the practical solution of the haphazard urban growth. It demands on increased public participation ensuring sustainable planning process. This article summarizes the efforts taken up by various countries to formulate plans that involve local people in the decision making process, especially where the plan makes direct impact on them. Moreover, the article reviews the role of the professionals in facilitating public participation in urban planning process. - Reproduced.
650 ## - SUBJECT ADDED ENTRY--TOPICAL TERM
Topical term or geographic name entry element Urban planning - India - Delhi
650 ## - SUBJECT ADDED ENTRY--TOPICAL TERM
Topical term or geographic name entry element Urban planning
700 ## - ADDED ENTRY--PERSONAL NAME
Personal name Kapoor, Anika
773 ## - HOST ITEM ENTRY
Main entry heading Nagarlok
908 ## - PUT COMMAND PARAMETER (RLIN)
Put command parameter N
909 ## -
-- 92344
Holdings
Withdrawn status Lost status Damaged status Not for loan Permanent Location Current Location Date acquired Serial Enumeration / chronology Barcode Date last seen Price effective from Koha item type
        Indian Institute of Public Administration Indian Institute of Public Administration 2018-07-19 Volume no: 43, Issue no: 1 AR92804 2018-07-19 2018-07-19 Articles

Powered by Koha